Normal view
MARC view
- Sup: Dr. Malik Asghar Naeem.
Entry Personal Name
001 - CONTROL NUMBER
- control field: 19779
003 - CONTROL NUMBER IDENTIFIER
- control field: NUST
005 - DATE AND TIME OF LATEST TRANSACTION
- control field: 20190831150402.0
008 - FIXED-LENGTH DATA ELEMENTS
- fixed length control field: 190831|| aca||aabn | a|a d
040 ## - CATALOGING SOURCE
- Original cataloging agency: NUST
- Transcribing agency: NUST
100 ## - HEADING--PERSONAL NAME
- Personal name: Sup: Dr. Malik Asghar Naeem.
670 ## - SOURCE DATA FOUND
- Source citation: Work cat.: (NUST): Hassan, Zamir-UL- 19778, Sustainable Urban Housing Design & Construction Practices, A Case Study of Dadu, Sindh /, 2018.
